Name kpop song start with the letter “Z” - Statistics

General Stats
  • This quiz has been taken 4 times
  • The average score is 6 of 14
Answer Stats
Hint Answer % Correct
New jeans Zero
67%
Day6 Zombie
67%
Everglow Zombie
67%
Jihyo ( twice ) Zone
67%
Nct wish Zone
67%
Nct & Aespa (giselle) Zoo
67%
Jessi Zoom
67%
Red velvet Zoom
67%
Red velvet Zimzalabim
33%
Billie Zap
0%
Bts Zero o’clock
0%
Zerobaseone Zero to hundred
0%
Weeekly Zig zag
0%
Aespa Zoom zoom
0%
No matching quizzes found
Score Distribution
Percent of People with Each Score
Percentile by Number Answered
Your Score History
You have not taken this quiz